[Event "Stay Safe Play From Home 143"]
[Site "T#645979Emanuel Laske"]
[Date "2020.05.12"]
[Round "9"]
[White "Mepe_Nika"]
[Black "Little champs"]
[Result "0-1"]
[WhiteElo "2308"]
[BlackElo "2188"]
[Annotator "RC"]
[PlyCount "138"]
[EventDate "2020.05.12"]
[EventType "swiss (blitz)"]

1. d4 {[%emt 0:00:01]} c6 {[%emt 0:00:01]} 2. c4 {[%emt 0:00:01]} d5 {[%emt 0:00:00]} 3. cxd5 {[%emt 0:00:00]} cxd5 {[%emt 0:00:01]} 4. Nc3 {[%emt 0:00:00]} g6 {[%emt 0:00:00]} 5. Nf3 {[%emt 0:00:01]} Bg7 {[%emt 0:00:00]} 6. h4 {[%emt 0:00:00]} Nf6 {[%emt 0:00:01]} 7. Ne5 {[%emt 0:00:02]} Nc6 {[%emt 0:00:01]} 8. Be3 {[%emt 0:00:02]} h5 {[%emt 0:00:01]} 9. Qd2 {[%emt 0:00:01]} Bf5 {[%emt 0:00:02]} 10. f3 {[%emt 0:00:01]} e6 {[%emt 0:00:02]} 11. g3 {[%emt 0:00:01]} Nd7 {[%emt 0:00:01]} 12. Nxc6 {[%emt 0:00:02]} bxc6 {[%emt 0:00:01]} 13. Bf2 {[%emt 0:00:01]} e5 {[%emt 0:00:01]} 14. e3 {[%emt 0:00:02]} exd4 {[%emt 0:00:01]} 15. exd4 {[%emt 0:00:00]} O-O {[%emt 0:00:01]} 16. Be2 {[%emt 0:00:01]} Re8 {[%emt 0:00:01]} 17. Kf1 {[%emt 0:00:01]} Qa5 {[%emt 0:00:02]} 18. Kg2 {[%emt 0:00:01]} Rab8 {[%emt 0:00:02]} 19. Rhe1 {[%emt 0:00:01]} Qb6 {[%emt 0:00:01]} 20. b3 {[%emt 0:00:01]} Qb4 {[%emt 0:00:01]} 21. Rad1 {[%emt 0:00:03]} a5 {[%emt 0:00:01]} 22. Na4 {[%emt 0:00:01]} Qxd2 {[%emt 0:00:01]} 23. Rxd2 {[%emt 0:00:00]} Bf8 {[%emt 0:00:01]} 24. Bd3 {[%emt 0:00:02]} Be6 {[%emt 0:00:03]} 25. Rde2 {[%emt 0:00:02]} Bb4 {[%emt 0:00:00]} 26. Rc1 {[%emt 0:00:02]} Rbc8 {[%emt 0:00:01]} 27. Nc5 {[%emt 0:00:02]} Nxc5 {[%emt 0:00:01]} 28. dxc5 {[%emt 0:00:00]} Ba3 {[%emt 0:00:01]} 29. Rce1 {[%emt 0:00:01]} Bb4 {[%emt 0:00:00]} 30. Rd1 {[%emt 0:00:01]} a4 {[%emt 0:00:01]} 31. bxa4 {[%emt 0:00:02]} Ra8 {[%emt 0:00:00]} 32. Bc2 {[%emt 0:00:01]} Ra5 {[%emt 0:00:01]} 33. Bb3 {[%emt 0:00:01]} Bxc5 {[%emt 0:00:01]} 34. Rc1 {[%emt 0:00:01]} Bxf2 {[%emt 0:00:01]} 35. Rxf2 {[%emt 0:00:00]} c5 {[%emt 0:00:00]} 36. Re2 {[%emt 0:00:03]} c4 {[%emt 0:00:00]} 37. Bc2 {[%emt 0:00:02]} Rb8 {[%emt 0:00:01]} 38. Rce1 {[%emt 0:00:01]} Rb2 {[%emt 0:00:01]} 39. Bxg6 {[%emt 0:00:01]} Rxe2+ {[%emt 0:00:02]} 40. Rxe2 {[%emt 0:00:00]} Rxa4 {[%emt 0:00:00]} 41. Bxh5 {[%emt 0:00:01]} d4 {[%emt 0:00:01]} 42. Bg4 {[%emt 0:00:01]} Bxg4 {[%emt 0:00:02]} 43. fxg4 {[%emt 0:00:00]} c3 {[%emt 0:00:00]} 44. Re8+ {[%emt 0:00:02]} Kg7 {[%emt 0:00:01]} 45. Rc8 {[%emt 0:00:00]} Rxa2+ {[%emt 0:00:01]} 46. Kf3 {[%emt 0:00:00]} Rd2 {[%emt 0:00:00]} 47. Ke4 {[%emt 0:00:01]} c2 {[%emt 0:00:01]} 48. g5 {[%emt 0:00:01]} d3 {[%emt 0:00:00]} 49. h5 {[%emt 0:00:01]} Rd1 {[%emt 0:00:00]} 50. h6+ {[%emt 0:00:00]} Kh7 {[%emt 0:00:00]} 51. g6+ {[%emt 0:00:01]} fxg6 {[%emt 0:00:01]} 52. g4 {[%emt 0:00:01]} c1=Q {[%emt 0:00:01]} 53. Rxc1 {[%emt 0:00:01]} Rxc1 {[%emt 0:00:01]} 54. Kxd3 {[%emt 0:00:00]} Re1 {[%emt 0:00:01]} 55. g5 {[%emt 0:00:01]} Re8 {[%emt 0:00:00]} 56. Kd4 {[%emt 0:00:01]} Kg8 {[%emt 0:00:00]} 57. Kd5 {[%emt 0:00:01]} Kf7 {[%emt 0:00:00]} 58. Kd6 {[%emt 0:00:00]} Rh8 {[%emt 0:00:01]} 59. Ke5 {[%emt 0:00:00]} Re8+ {[%emt 0:00:01]} 60. Kd5 {[%emt 0:00:00]} Ra8 {[%emt 0:00:01]} 61. Ke5 {[%emt 0:00:00]} Ra6 {[%emt 0:00:01]} 62. Kf4 {[%emt 0:00:00]} Ra5 {[%emt 0:00:01]} 63. Kg4 {[%emt 0:00:00]} Ra4+ {[%emt 0:00:00]} 64. Kf3 {[%emt 0:00:01]} Rh4 {[%emt 0:00:01]} 65. Kg3 {[%emt 0:00:00]} Rh5 {[%emt 0:00:00]} 66. Kg4 {[%emt 0:00:00]} Ke6 {[%emt 0:00:01]} 67. Kf4 {[%emt 0:00:00]} Rh4+ {[%emt 0:00:01]} 68. Kg3 {[%emt 0:00:01]} Rh1 {[%emt 0:00:00]} 69. Kg4 {[%emt 0:00:00]} Ke5 {[%emt 0:00:01] Time (Lag: Av=0.74s, max=1.3s)} 0-1

[Event "Stay Safe Play From Home 143"]
[Site "T#645979Emanuel Laske"]
[Date "2020.05.12"]
[Round "9"]
[White "rohit2007"]
[Black "SoulofWolf"]
[Result "1-0"]
[WhiteElo "2216"]
[BlackElo "2136"]
[Annotator "RC"]
[PlyCount "125"]
[EventDate "2020.05.12"]
[EventType "swiss (blitz)"]

1. g3 {[%emt 0:00:02]} e6 {[%emt 0:00:00]} 2. Bg2 {[%emt 0:00:00]} d5 {[%emt 0:00:00]} 3. f3 {[%emt 0:00:00]} c6 {[%emt 0:00:00]} 4. e4 {[%emt 0:00:00]} Nf6 {[%emt 0:00:00]} 5. e5 {[%emt 0:00:00]} Be7 {[%emt 0:00:00]} 6. exf6 {[%emt 0:00:01]} Bxf6 {[%emt 0:00:00]} 7. d4 {[%emt 0:00:01]} O-O {[%emt 0:00:00]} 8. Ne2 {[%emt 0:00:02]} Be7 {[%emt 0:00:00]} 9. O-O {[%emt 0:00:01]} Nd7 {[%emt 0:00:00]} 10. f4 {[%emt 0:00:01]} f6 {[%emt 0:00:01]} 11. f5 {[%emt 0:00:00]} Bd6 {[%emt 0:00:01]} 12. fxe6 {[%emt 0:00:00]} Nb6 {[%emt 0:00:01]} 13. Bf4 {[%emt 0:00:01]} Bxe6 {[%emt 0:00:01]} 14. Bxd6 {[%emt 0:00:01]} Qxd6 {[%emt 0:00:00]} 15. Nf4 {[%emt 0:00:00]} Bf7 {[%emt 0:00:00]} 16. b3 {[%emt 0:00:02]} a5 {[%emt 0:00:01]} 17. a4 {[%emt 0:00:01]} Rae8 {[%emt 0:00:01]} 18. Nc3 {[%emt 0:00:00]} g5 {[%emt 0:00:02]} 19. Qg4 {[%emt 0:00:01]} Kh8 {[%emt 0:00:02]} 20. Nh5 {[%emt 0:00:02]} Bg6 {[%emt 0:00:01]} 21. Rae1 {[%emt 0:00:02]} Rxe1 {[%emt 0:00:06]} 22. Rxe1 {[%emt 0:00:00]} Qb4 {[%emt 0:00:02]} 23. Rf1 {[%emt 0:00:02]} Qxc3 {[%emt 0:00:01]} 24. Nxf6 {[%emt 0:00:00]} Qe3+ {[%emt 0:00:03]} 25. Kh1 {[%emt 0:00:01]} Qe7 {[%emt 0:00:04]} 26. Qxg5 {[%emt 0:00:02]} Nd7 {[%emt 0:00:03]} 27. Nxh7 {[%emt 0:00:03]} Qxh7 {[%emt 0:00:02]} 28. Rxf8+ {[%emt 0:00:03]} Nxf8 {[%emt 0:00:00]} 29. Qd8 {[%emt 0:00:01]} Qf7 {[%emt 0:00:01]} 30. h4 {[%emt 0:00:01]} Kg7 {[%emt 0:00:00]} 31. Kh2 {[%emt 0:00:01]} Qf6 {[%emt 0:00:03]} 32. Qc7+ {[%emt 0:00:01]} Qf7 {[%emt 0:00:00]} 33. Qxa5 {[%emt 0:00:01]} Ne6 {[%emt 0:00:01]} 34. Qb6 {[%emt 0:00:01]} Be4 {[%emt 0:00:01]} 35. a5 {[%emt 0:00:02]} Bxg2 {[%emt 0:00:01]} 36. Kxg2 {[%emt 0:00:00]} Nf8 {[%emt 0:00:02]} 37. a6 {[%emt 0:00:01]} bxa6 {[%emt 0:00:01]} 38. Qxc6 {[%emt 0:00:00]} Ng6 {[%emt 0:00:00]} 39. Qxa6 {[%emt 0:00:01]} Qf5 {[%emt 0:00:02]} 40. Qb7+ {[%emt 0:00:01]} Kh6 {[%emt 0:00:00]} 41. b4 {[%emt 0:00:00]} Qe4+ {[%emt 0:00:00]} 42. Kh3 {[%emt 0:00:01]} Qf5+ {[%emt 0:00:01]} 43. Kg2 {[%emt 0:00:01]} Qxc2+ {[%emt 0:00:02]} 44. Kh3 {[%emt 0:00:00]} Qf5+ {[%emt 0:00:01]} 45. Kg2 {[%emt 0:00:01]} Kh5 {[%emt 0:00:01]} 46. Qh7+ {[%emt 0:00:02]} Kg4 {[%emt 0:00:00]} 47. Qh6 {[%emt 0:00:01]} Qf3+ {[%emt 0:00:01]} 48. Kg1 {[%emt 0:00:01]} Qe3+ {[%emt 0:00:01]} 49. Qxe3 {[%emt 0:00:02]} Nxh4 {[%emt 0:00:01]} 50. gxh4 {[%emt 0:00:02]} Kxh4 {[%emt 0:00:00]} 51. Qe5 {[%emt 0:00:01]} Kg4 {[%emt 0:00:01]} 52. Qxd5 {[%emt 0:00:00]} Kg3 {[%emt 0:00:02]} 53. b5 {[%emt 0:00:00]} Kf4 {[%emt 0:00:02]} 54. b6 {[%emt 0:00:00]} Ke3 {[%emt 0:00:00]} 55. b7 {[%emt 0:00:00]} Kd3 {[%emt 0:00:00]} 56. b8=Q {[%emt 0:00:01]} Kc3 {[%emt 0:00:00]} 57. Qc8+ {[%emt 0:00:01]} Kd2 {[%emt 0:00:00]} 58. Qdb7 {[%emt 0:00:01]} Kd3 {[%emt 0:00:00]} 59. Qca8 {[%emt 0:00:01]} Ke2 {[%emt 0:00:00]} 60. Qaa6+ {[%emt 0:00:01]} Ke3 {[%emt 0:00:00]} 61. Qe4+ {[%emt 0:00:01]} Kd2 {[%emt 0:00:00]} 62. Qa2+ {[%emt 0:00:01]} Kc1 {[%emt 0:00:00]} 63. Qe1# {[%emt 0:00:01] (Lag: Av=0.33s, max=1.0s)} 1-0

[Event "Stay Safe Play From Home 143"]
[Site "T#645979Emanuel Laske"]
[Date "2020.05.12"]
[Round "9"]
[White "Chessencounter"]
[Black "Fischer_11"]
[Result "1-0"]
[WhiteElo "2183"]
[BlackElo "2058"]
[Annotator "TA"]
[PlyCount "89"]
[EventDate "2020.05.12"]
[EventType "swiss (blitz)"]

{[%evp 11,88,-19,-15,-27,20,-26,-33,-40,-36,-97,0,-39,-42,-36,-48,-50,0,-72,-87,-114,-130,-117,-88,-83,-81,-83,-84,-77,0,-51,0,0,0,0,0,-21,-27,-66,-66,-77,296,214,479,472,476,455,468,460,542,542,781,773,752,669,699,684,668,645,707,666,746,711,710,669,839,814,868,861,764,823,1096,1039,1027,864,29995,29996,29998,29999,29999]} 1. Nc3 Nf6 2. e4 d5 3. e5 Ne4 4. d4 Nxc3 5. bxc3 c5 6. Nf3 Nc6 7. Bb5 {B02: Alekhine's Defence: Chase Variation and lines with early Nc3.} cxd4 {[#]} 8. Bxc6+ $146 ({Predecessor:} 8. Nxd4 Qc7 9. O-O e6 10. f4 Bd7 11. Bxc6 bxc6 12. f5 exf5 13. Nxf5 Bxf5 14. Rxf5 {0-1 (23) Kozel,J (1844)-Dobes,V (1816) Kouty nad Desnou 2010}) 8... bxc6 9. Nxd4 {Black is slightly better.} c5 10. Ne2 (10. Nb3 $1 $15) 10... Bg4 (10... Ba6 $17 11. O-O e6) 11. Be3 e6 12. f3 Bf5 13. O-O Be7 14. Ng3 (14. g4 $11 {keeps the balance.} Bg6 15. f4) 14... Bg6 $17 15. Rb1 O-O 16. Rb7 a5 17. Qd2 Rb8 18. Rfb1 Rxb7 19. Rxb7 c4 ({Black should try} 19... Re8 $17) 20. Qd4 ({Better is} 20. Qc1 $11) 20... Bg5 (20... Bxc2 $15 21. Ne2 Ba3) 21. f4 $11 Bh4 22. Nf1 Bxc2 23. g3 {[#] Hoping for Qa7.} Be7 24. Qb6 Qxb6 25. Bxb6 a4 $2 {[%mdl 8192] Now Black is done in.} (25... Re8 $17) 26. Ne3 Re8 $2 {[#]} (26... Be4) 27. Nxc2 $18 Bf8 28. a3 g6 29. Ba5 Bc5+ 30. Kf1 Re7 31. Rb8+ Kg7 32. Bb4 Rc7 33. Bxc5 Rxc5 {[%mdl 4096] Endgame KRN-KR} 34. Ke2 h6 35. Ke3 g5 36. Kd4 Rc7 37. Rb4 Kg6 38. Rxa4 gxf4 39. gxf4 Kf5 40. Ke3 Kg4 41. Nd4 Kh3 42. Nf3 Kg2 43. Ra8 {White mates.} h5 44. Rg8+ Kh3 45. Rg3# {Accuracy: White = 69%, Black = 37%.} 1-0

[Event "Stay Safe Play From Home 143"]
[Site "T#645979Emanuel Laske"]
[Date "2020.05.12"]
[Round "9"]
[White "Praveen prasad"]
[Black "Lazieri3"]
[Result "1-0"]
[WhiteElo "2144"]
[BlackElo "2062"]
[Annotator "TA"]
[PlyCount "131"]
[EventDate "2020.05.12"]
[EventType "swiss (blitz)"]

{[%evp 9,131,16,28,4,28,28,58,-21,7,0,0,-22,-15,-22,-11,-12,0,-18,-15,-30,-29,-14,-2,-13,0,0,0,0,0,-10,71,61,47,55,55,55,55,58,119,126,156,31,31,31,31,31,23,0,0,0,0,0,0,0,70,0,0,0,0,0,0,0,0,0,0,0,0,0,0,0,0,0,0,0,0,0,0,0,0,0,0,0,0,0,0,0,0,0,0,0,0,0,0,0,0,0,0,0,8,0,0,-53,-53,-6605,-10317,-5073,-4618,-29985,-29985,-29986,-29987,-29987,-29988,-29991,-29992,-29992,-29993,-29993,-29994,-29994,-29995,-29995,-29993,-29993]} 1. e4 c6 2. d4 d5 3. exd5 cxd5 4. c3 Nc6 5. Nf3 Nf6 6. Bb5 {B13: Caro-Kann: Exchange Variation and Panov-Botvinnik Attack.} Bd7 7. O-O e6 {[#]} 8. h4 $146 (8. Re1 $14) ({Predecessor:} 8. Nbd2 Bd6 9. Qe2 O-O 10. Bd3 Re8 11. Ne5 Qc7 12. f4 a6 13. Ndf3 b5 14. Ng5 {1-0 (77) Parals Marce,L (2014)-Rex,T (1969) Figueres 2020}) 8... h6 9. Bf4 Be7 10. Bxc6 Bxc6 11. Nbd2 O-O 12. Ne5 Bd6 13. Nxc6 bxc6 14. Bxd6 Qxd6 15. b4 a5 16. a3 $1 Nd7 17. Qf3 e5 18. dxe5 Nxe5 19. Qg3 Nc4 (19... a4 $11) 20. Nxc4 $16 Qxg3 21. fxg3 dxc4 {[%mdl 4096] Endgame KRR-KRR} 22. Rf4 axb4 23. cxb4 Rfd8 (23... Ra4 $14) 24. Rxc4 Rd3 25. Kh2 ({Don't do} 25. Rxc6 $6 Raxa3 26. Rxa3 Rxa3 $14) (25. a4 $16) 25... Raxa3 $14 26. Rxa3 Rxa3 27. Rxc6 {KR-KR} Rb3 28. Rb6 h5 $1 29. Rb7 g6 30. b5 Kg7 31. Kh3 Rb1 (31... Kf6 $11) 32. Kh2 ({Better is} 32. g4 $14) 32... Rd1 33. Ra7 Rb1 34. Rb7 Kf6 35. Rb6+ Kg7 36. Rb8 Kf6 37. b6 Kg7 38. Rb7 Kf6 39. Rb8 Kg7 40. g4 hxg4 41. Kg3 Rb4 42. b7 f5 43. Kf2 Rb3 44. g3 Kh7 45. Ke2 Kg7 46. Kd2 Kh7 47. Kc2 Rb6 48. Kd3 Rb4 49. Kc3 Rb1 50. Kd4 Rb5 51. Kc4 Rb1 52. Kd5 Rb3 53. Ke5 Rb5+ 54. Kf6 f4 55. h5 (55. gxf4 $11 g3 56. Rc8 Rxb7 57. Kg5) 55... gxh5 $15 56. gxf4 $2 {[%mdl 8192] [#] This move loses the game for White.} (56. Rc8 $15 Rxb7 57. Kg5) 56... g3 $19 57. Re8 Rxb7 58. Re1 Rg7 {Black mates.} 59. Rg1 g2 60. Kf5 h4 61. Ke6 h3 62. f5 h2 63. Rxg2 Rxg2 64. f6 Re2+ 65. Kd6 Rf2 66. f7 {[%mdl 32768] Accuracy: White = 81%, Black = 84%. . Loss on time!?} 1-0

[Event "Stay Safe Play From Home 143"]
[Site "T#645979Emanuel Laske"]
[Date "2020.05.12"]
[Round "9"]
[White "Weltszmerc"]
[Black "Onlyforchess"]
[Result "1-0"]
[WhiteElo "2089"]
[BlackElo "2590"]
[Annotator "TA"]
[PlyCount "159"]
[EventDate "2020.05.12"]
[EventType "swiss (blitz)"]

{[%evp 9,158,-32,-14,-65,0,0,0,-22,3,-19,17,0,-9,-3,0,2,6,0,2,-16,-14,-9,-7,-33,-15,-20,0,-25,-33,-42,-41,-47,-49,-57,-42,-43,-51,-58,-40,-53,-47,-75,-14,-6,-8,-244,-209,-193,-133,-265,-248,-257,-254,-267,-188,-173,-174,-263,-172,-214,-172,-150,-145,-902,-864,-795,-655,-650,-616,-556,-564,-716,-638,-630,0,0,0,0,0,0,154,79,29989,29990,29993,29994,29998,29995,29997,29998,29999,29998,29999,29996,29999,0,29993,29983,29983,29984,29985,29986,29986,29987,29987,29987,29987,29987,29987,29986,29987,29983,29983,29984,29984,29985,29985,29983,29986,29983,29986,29986,29987,29986,29987,29987,29988,29986,29990,29989,29989,29990,29990,29991,29991,29992,29995,29996,29996,29997,29997,29996,29996,29996,29996,29997,29997,29998,29998,29999,29999]} 1. d4 c5 2. c4 cxd4 3. Qxd4 Nf6 4. Qd1 Nc6 5. Nf3 d5 6. g3 {[#] A30: Symmetrical English: Double Fianchetto and Hedgehog.} (6. cxd5 $11 Qxd5 7. Qxd5 Nxd5 8. a3) 6... dxc4 $146 (6... e5 $15) ({Predecessor:} 6... e5 7. cxd5 Nxd5 8. e4 Ndb4 9. Qxd8+ Kxd8 10. Na3 Bg4 11. Be2 Bxf3 12. Bxf3 Nd4 13. Bd1 Nd3+ 14. Kf1 Rc8 {0-1 (42) Kabashaj,A-Carlsen,M (2064) Oslo 2001}) 7. Qxd8+ $11 Nxd8 8. Bg2 {The position is equal.} Bf5 9. O-O Be4 10. Ne5 Bxg2 11. Kxg2 e6 12. Nxc4 Nc6 13. Bf4 Nd5 14. Nd6+ Bxd6 $1 15. Bxd6 O-O-O $36 {[%mdl 2048] Black is more active.} 16. Bc5 b6 17. Ba3 $1 Ndb4 18. Nc3 Nc2 19. Rac1 Nxa3 20. bxa3 Kb7 21. a4 Rd4 22. Nb5 {Threatens to win with Rxc6.} Rd2 23. Rfd1 Rhd8 24. Rxd2 Rxd2 $15 {[%mdl 4096] Endgame KRN-KRN} 25. Kf3 Rxa2 ({Black should try} 25... f5 $17) 26. Nd6+ $11 {[%mdl 64] Double Attack} Kc7 27. Ne8+ $2 (27. Nxf7 $11 {and White is okay.} Kd7 28. Rc4) 27... Kd7 $19 28. Nxg7 Ra3+ (28... Ne5+ $19 29. Ke3 Ng4+ 30. Kf3 Rxa4) 29. e3 (29. Kg4 $17) 29... Rxa4 30. Nh5 Ne5+ 31. Kg2 Ra2 32. Nf6+ Ke7 33. Ne4 (33. Nxh7 $142 f5 34. h4) 33... Nd7 34. h3 a5 35. Rc7 a4 36. Nf6 $2 {[%mdl 8192]} (36. Ra7 $17) 36... Kxf6 37. Rxd7 {KR-KR} Rb2 38. Ra7 b5 39. Kf3 Rb3 40. g4 Ke5 41. h4 f6 $2 ({Better is} 41... a3 $19 42. Ke2 b4 43. Ra5+ Kd6) 42. Rxh7 $11 a3 {White must now prevent ...Rb4.} 43. Ra7 b4 {aiming for ...Rb1.} 44. h5 Rb2 $2 {[#] White now steadily converts the win.} (44... Rb1 $11 45. Kg2 Ke4) 45. h6 ({White should play} 45. Ra4 $1) 45... a2 $2 {[%mdl 8192]} (45... Rc2 $16) 46. h7 b3 47. h8=Q Rb1 48. Qh5+ Kd6 49. Qb5 {[%csl Gb5][%cal Ra7d7]} f5 50. Qb6+ Ke5 51. gxf5 {[%csl Gf5][%cal Rb6e6]} a1=Q 52. Qd4+ $2 (52. Qxe6# {mates}) 52... Kxf5 $2 {[%mdl 8192]} (52... Qxd4 $11 53. exd4+ Kf6) 53. Qxa1 {White mates.} Rxa1 54. Rxa1 {KR-KPP} Ke5 55. Rb1 Kd5 56. Rxb3 {KR-KP} Kc4 57. Rb2 Kd5 58. Rb8 Ke5 {[#]} 59. Re8 $1 Kf6 {[#]} 60. Rxe6+ $3 Kxe6 {KP-KP} 61. Kf4 Kf6 62. e4 Ke6 63. f3 Ke7 64. e5 Kf7 65. Ke4 Ke7 66. f4 Ke8 67. f5 Ke7 68. e6 Ke8 69. Kf4 Ke7 70. Ke5 Ke8 71. f6 Kd8 72. Kd6 Kc8 73. f7 Kb7 74. f8=Q Ka6 75. Qd8 Kb5 76. Qc7 Kb4 77. e7 Kb3 78. e8=Q Kb2 79. Qeb8+ Ka1 80. Qca7# {Accuracy: White = 65%, Black = 64%.} 1-0

[Event "Stay Safe Play From Home 143"]
[Site "T#645979Emanuel Laske"]
[Date "2020.05.12"]
[Round "9"]
[White "CastlingArrocco"]
[Black "Ionutn28"]
[Result "1-0"]
[WhiteElo "2071"]
[BlackElo "1839"]
[Annotator "TA"]
[PlyCount "93"]
[EventDate "2020.05.12"]
[EventType "swiss (blitz)"]

{[%evp 9,93,-19,-21,-24,-15,-5,119,118,118,118,116,81,101,31,71,26,77,12,33,33,14,-95,63,69,115,115,209,9,170,133,234,206,255,265,314,303,253,97,83,83,82,83,125,109,347,339,334,320,460,448,508,497,501,131,130,122,444,410,449,177,284,298,461,427,29982,848,29975,29975,29976,29977,29977,29978,29978,29979,29980,29979,29981,29982,29982,29979,29979,29980,29980,29980,29977,29978]} 1. d4 d5 2. e3 Nf6 3. f4 e6 4. Nf3 Bd6 5. Bd3 c5 6. Ne5 {[#] D00: 1 d4 d5: Unusual lines.} c4 $146 (6... O-O {feels hotter.} 7. O-O b6 8. Nd2 Bb7 9. b3 Nc6) ({Predecessor:} 6... cxd4 7. exd4 Qb6 8. c3 Nbd7 9. Qe2 a6 10. Nd2 O-O 11. g4 Qd8 12. h4 Be7 {1-0 (51) Beer,M (1266)-Ritter,H (1181) Schney 2007}) 7. Be2 Bxe5 (7... b5 $11 {remains equal.}) 8. fxe5 $16 {White is better.} Ne4 {[#] ...Qh4+ is the strong threat.} 9. O-O O-O 10. Bf3 Ng5 11. Nd2 (11. b3 $16) 11... Nc6 12. c3 b5 (12... f6 $11) 13. Qe2 (13. Be2 $16) 13... b4 14. e4 Nxf3+ 15. gxf3 (15. Nxf3 $11 Rb8 16. Qe1) 15... dxe4 $2 (15... Qa5 $17 16. Qe3 f5 17. exf6 Rxf6) 16. Nxe4 $14 bxc3 17. bxc3 Bb7 (17... Ne7 $16) 18. Bd2 $2 ({Don't play} 18. Qxc4 $6 Rc8 $16) (18. Rb1 $18 Qe7 19. Qg2 (19. Qxc4 Na5 $16)) 18... Na5 $2 (18... Ne7 $11) 19. Qg2 {Threatens to win with Bh6!} Bxe4 (19... Kh8 $16) 20. fxe4 Kh8 21. Rf3 Rb8 {[#]} 22. Bg5 $1 {[%cal Rg5d8]} Qb6 23. Rg3 $2 $40 {[%mdl 128] White goes for the king.} (23. Kh1 $18 {has better winning chances. Hoping for Rg1.} Qb2 24. Qxb2 Rxb2 25. Be7) 23... Qb2 $16 24. Rf1 {Strongly threatening Qf3!} Qxg2+ 25. Rxg2 h6 26. Be7 Rg8 $2 (26... Rfe8 $16 {was necessary.}) 27. Rxf7 $18 Rb1+ 28. Kf2 Rb2+ (28... Nc6 $142 29. Rgxg7 {[%mdl 64] Remove Defender} Rxg7) 29. Kg3 Rxg2+ 30. Kxg2 {[%mdl 4096] Endgame KRB-KRN} Nc6 31. Bb4 $2 (31. Bd6 $18) 31... Nxb4 $16 32. cxb4 {aiming for d5. KR-KR} Rb8 $2 {[%mdl 8192]} (32... Rc8 $16 {is more resistant.}) 33. Rc7 $18 Rxb4 34. Rc5 $2 (34. Rc8+ Kh7 35. d5) 34... Rb2+ (34... Kg8 $142 35. d5 Kf7) 35. Kf3 Rxa2 (35... Kh7 $142 36. d5 (36. Rxc4 Rxh2 37. d5 Rxa2 $16) 36... Rxa2) 36. d5 a5 (36... Ra3+ $18 37. Kg4 Kg8) 37. d6 (37. Rc8+ $142 Kh7 38. dxe6 Ra3+ 39. Kg4 Rd3 40. e7 h5+ {[%mdl 64] Decoy} 41. Kxh5 Rh3+ 42. Kg5) 37... Kg8 38. d7 {White mates.} Rd2 39. Rc8+ Kf7 40. d8=Q Rxd8 41. Rxd8 {KR-KP} c3 42. Rd1 a4 43. Rc1 a3 44. Ke3 a2 45. Kd3 c2 46. Ra1 c1=Q 47. Rxc1 {Accuracy: White = 52%, Black = 35%.} 1-0

[Event "Stay Safe Play From Home 143"]
[Site "T#645979Emanuel Laske"]
[Date "2020.05.12"]
[Round "9"]
[White "Don59as"]
[Black "matanant"]
[Result "1-0"]
[WhiteElo "2028"]
[BlackElo "1565"]
[Annotator "RC"]
[PlyCount "57"]
[EventDate "2020.05.12"]
[EventType "swiss (blitz)"]

1. c4 {[%emt 0:00:01]} e5 {[%emt 0:00:01]} 2. Nc3 {[%emt 0:00:01]} Nf6 {[%emt 0:00:00]} 3. g3 {[%emt 0:00:00]} Nc6 {[%emt 0:00:00]} 4. Bg2 {[%emt 0:00:01]} Bb4 {[%emt 0:00:02]} 5. Nd5 {[%emt 0:00:01]} Bc5 {[%emt 0:00:02]} 6. e3 {[%emt 0:00:02]} O-O {[%emt 0:00:02]} 7. Ne2 {[%emt 0:00:01]} d6 {[%emt 0:00:02]} 8. O-O {[%emt 0:00:01]} Be6 {[%emt 0:00:02]} 9. b3 {[%emt 0:00:01]} Bxd5 {[%emt 0:00:03]} 10. cxd5 {[%emt 0:00:01]} Ne7 {[%emt 0:00:01]} 11. e4 {[%emt 0:00:01]} Bb6 {[%emt 0:00:02]} 12. d4 {[%emt 0:00:01]} Ng6 {[%emt 0:00:03]} 13. Bb2 {[%emt 0:00:02]} Re8 {[%emt 0:00:03]} 14. h3 {[%emt 0:00:03]} Rc8 {[%emt 0:00:03]} 15. Re1 {[%emt 0:00:02]} c6 {[%emt 0:00:02]} 16. dxe5 {[%emt 0:00:01]} dxe5 {[%emt 0:00:01]} 17. Qd3 {[%emt 0:00:03]} cxd5 {[%emt 0:00:03]} 18. exd5 {[%emt 0:00:00]} e4 {[%emt 0:00:02]} 19. Qd1 {[%emt 0:00:04]} Qd6 {[%emt 0:00:04]} 20. Nd4 {[%emt 0:00:05]} Ne5 {[%emt 0:00:08]} 21. Nf5 {[%emt 0:00:02]} Qc5 {[%emt 0:00:03]} 22. Qe2 {[%emt 0:00:05]} Qxd5 {[%emt 0:00:04]} 23. Rad1 {[%emt 0:00:03]} Qe6 {[%emt 0:00:01]} 24. Nd6 {[%emt 0:00:01]} Red8 {[%emt 0:00:02]} 25. Nxc8 {[%emt 0:00:01]} Rxc8 {[%emt 0:00:00]} 26. Bxe4 {[%emt 0:00:02]} Nxe4 {[%emt 0:00:01]} 27. Qxe4 {[%emt 0:00:01]} Nf3+ {[%emt 0:00:02]} 28. Qxf3 {[%emt 0:00:02]} Bxf2+ {[%emt 0:00:01]} 29. Qxf2 {[%emt 0:00:01] Time (Lag: Av=0.72s, max=1.3s)} 1-0

[Event "Stay Safe Play From Home 143"]
[Site "T#645979Emanuel Laske"]
[Date "2020.05.12"]
[Round "9"]
[White "Haxhi Baha"]
[Black "Ironmike"]
[Result "1-0"]
[WhiteElo "1999"]
[BlackElo "1910"]
[Annotator "TA"]
[PlyCount "99"]
[EventDate "2020.05.12"]
[EventType "swiss (blitz)"]

{[%evp 9,98,21,25,22,20,10,8,11,19,20,16,16,39,-5,4,-33,-29,-43,-35,-35,-50,-55,-23,-74,-72,-152,0,0,0,1,5,0,610,611,614,591,708,709,708,689,809,727,1001,1004,1175,1169,1141,1137,1135,1128,1139,1122,2493,2280,2671,2544,2453,2310,5166,2587,29965,29960,29966,29969,29969,29968,29983,29983,29983,29983,29983,29982,29992,29993,29994,29995,29998,29996,29996,29996,29996,29996,29997,29996,29996,29997,29997,29998,29998,29999,29999]} 1. e4 b6 2. Nf3 Bb7 3. d3 e6 4. Nc3 d5 5. exd5 exd5 6. d4 {B00: Queen's Fianchetto Defence, Nimzowitsch Defence.} Nf6 {[#]} 7. Bg5 $146 ({Predecessor:} 7. Bd3 Bb4 8. O-O O-O 9. Bg5 h6 10. Bh4 Bxc3 11. bxc3 Qd6 12. Ne5 Nbd7 13. Bg3 {1-0 (43) Plat,V (2483)-Laznicka,V (2674) Prague 2012}) 7... Be7 8. Bd3 {The position is equal.} O-O 9. O-O h6 10. Bh4 Nbd7 11. Bg3 Nh5 12. a3 c5 13. dxc5 bxc5 14. Re1 Nxg3 15. hxg3 Bf6 16. Bf5 (16. Qd2 $11) 16... Nb6 $17 17. Qd2 (17. Bd3 $142) 17... d4 $2 (17... Nc4 $17 18. Qc1 Qb6) 18. Ne4 $11 Bxe4 19. Bxe4 Rc8 20. b3 Rc6 $2 {[%mdl 8192] White leaves nothing to chance now.} (20... c4 $11) 21. Bxc6 $18 Qd6 22. Be4 Nd5 23. Bxd5 Qxd5 24. c4 Qh5 25. b4 cxb4 26. axb4 d3 27. Rxa7 Rd8 28. c5 Qd5 29. Re3 Qc4 30. Ne1 Bc3 {[#]} 31. Rxd3 $1 Bxd2 32. Rxd8+ Kh7 33. Rxd2 Qc3 34. Re2 Qxb4 35. c6 {White mates.} Qc5 36. Ree7 Qxc6 37. Rxf7 Kg6 38. Rxg7+ Kf5 39. Raf7+ Ke4 40. Nf3 Kd3 41. Ne5+ {[%mdl 64] [#] Double Attack} Ke2 42. Nxc6 Ke1 43. Re7+ Kd1 44. Rg8 h5 45. Rd8+ Kc1 46. Nb8 Kb2 47. Rc7 Kb3 48. Nd7 Ka4 49. Rb8 {[%cal Rc7a7]} h4 50. Ra7# {Accuracy: White = 70%, Black = 79%.} 1-0